Pitbull Charting Songs (Billboard Hot 100) - Statistics

General Stats
  • This quiz has been taken 319 times
    52 since last reset
  • The average score is 12 of 45
Answer Stats
Album Weeks On Peak Artist(s) Song % Correct
Meltdown EP 39 Weeks #1 (3 Weeks) Pitbull ft. Ke$ha Timber
92%
Love? 29 Weeks #3 Jennifer Lopez ft. Pitbull On The Floor
72%
Meltdown EP 20 Weeks #23 Pitbull ft. John Ryan Fireball
67%
Planet Pit 45 Weeks #1 (1 Week) Pitbull ft. Ne-Yo, Afrojack & Nayer Give Me Everything
67%
Rebelution 23 Weeks #8 Pitbull Hotel Room Service
64%
Planet Pit 26 Weeks #13 Pitbull ft. Chris Brown International Love
58%
Global Warming 24 Weeks #8 Pitbull ft. Christina Aguilera Feel This Moment
56%
Global Warming 20 Weeks #17 Pitbull ft. TJR Don't Stop the Party
53%
Planet Pit 19 Weeks #30 Pitbull ft. Marc Anthony Rain Over Me
47%
Globalization 27 Weeks #9 Pitbull & Ne-Yo Time of Our Lives
47%
Euphoria 38 Weeks #4 Enrique Iglesias ft. Pitbull I Like It
44%
Versus 34 Weeks #4 Usher ft. Pitbull DJ Got Us Fallin In Love
42%
Planet Pit 31 Weeks #7 Pitbull ft. T-Pain Hey Baby (Drop It to the Floor)
36%
Dance Again... The Hits 18 Weeks #17 Jennifer Lopez ft. Pitbull Dance Again
33%
Rebelution 35 Weeks #2 Pitbull I Know You Want Me (Calle Ocho)
33%
Climate Change 4 Weeks #95 Pitbull ft. Flo Rida & Lunchmoney Lewis Greenlight
25%
Globalization 18 Weeks #30 Pitbull ft. G.R.L. Wild Wild Love
25%
Bad Boys For Life 2 Weeks #76 Pitbull & Lil Jon Damn I Love Miami
22%
Globalization 15 Weeks #40 Pitbull ft. Chris Brown Fun
22%
Global Warming 20 Weeks #11 Pitbull Back In Time
19%
A.K.A. 9 Weeks #18 Jennifer Lopez ft. Iggy Azalea or Pitbull Booty
19%
When the Lights Go Out 22 Weeks #26 Havana Brown ft. Pitbull We Run the Night
19%
M.I.A.M.I. 20 Weeks #32 Pitbull ft. Lil Jon Culo
17%
Rebelution 19 Weeks #30 Pitbull ft. Lil Jon Krazy
14%
The Secret 15 Weeks #49 Austin Mahone ft. Pitbull Mmm Yeah
14%
U.S.A (United State of Atlanta) 20 Weeks #41 Ying Yang Twins ft. Pitbull Shake
14%
Planet Pit 2 Weeks #69 Pitbull ft. T-Pain & Sean Paul Shake Senora
14%
Rebelution 14 Weeks #42 Pitbull ft. Akon Shut It Down
14%
The Boatlift 18 Weeks #36 Pitbull ft. Lil Jon The Anthem
14%
Globalization 6 Weeks #59 Pitbull ft. Jennifer Lopez & Claudia Leitte We Are One (Ole Ola)
14%
The Boatlift 9 Weeks #83 Pitbull ft. Trina & Young Bo$$ Go Girl
11%
Neon 1 Week #85 Jay Sean ft. Pitbull I'm All Yours
11%
Non-Album Single 6 Weeks #60 Jennifer Lopez ft. Pitbull Live It Up
11%
Planet Pit 1 Week #73 Pitbull Pause
11%
Double Vision 2 Weeks #92 Prince Royce ft. Jennifer Lopez & Pitbull Back It Up
8%
El Mariel 1 Week #91 Pitbull Bojangles
8%
Armando 5 Weeks #61 Pitbull Bon, Bon
8%
Non-Album Single 9 Weeks #36 Pitbull x El Chombo x Karol G ft. Cutty Ranks Dame Tu Cosita
8%
Global Warming 2 Weeks #89 Pitbull ft. Shakira Get It Started
8%
Listennn... the Album 4 Weeks #59 DJ Khaled ft. Lil Wayne, Paul Wall, Fat Joe, Rick Ross & Pitbull Holla at Me
8%
Sex and Love 3 Weeks #74 Enrique Iglesias ft. Pitbull & The WAV.s I Like How It Feels
8%
Climate Change 8 Weeks #64 Pitbull ft. Enrique Iglesias Messin' Around
8%
El Mariel 6 Weeks #92 Pitbull Ay Chico (Lengua Afuera)
6%
The Day After 6 Weeks #94 Twista ft. Pitbull Hit the Floor
6%
Non-Album Single 1 Week #97 Arianna ft. Pitbull Sexy People (The Fiat Song)
6%
No matching quizzes found
Score Distribution
Percent of People with Each Score
Percentile by Number Answered
Your Score History
You have not taken this quiz since the last reset